Statistics for My Strange Addiction - Billie Eilish (All Lyrics)

Click here to take the quiz!

General Stats

  • This quiz has been taken 44 times
  • The average score is 253 of 322

Answer Stats

Answer% Correct
a
100%
I
100%
My
100%
my
100%
you
100%
You
100%
ask
97%
do
97%
Don't
97%
don't
97%
know
97%
questions
97%
to
97%
To
97%
wanna
97%
when
97%
add
94%
addiction
94%
are
94%
be
94%
Be
94%
strange
94%
learn
91%
No
91%
the
91%
your
91%
an
88%
Billy
88%
but
88%
But
88%
Can't
88%
can't
88%
friction
88%
I'm
88%
lesson
88%
long
88%
some
88%
want
88%
what
88%
you're
88%
ago
85%
and
85%
And
85%
bad
85%
Bad
85%
doctors
85%
explain
85%
fuse
85%
just
85%
Just
85%
of
85%
on
85%
Or
85%
or
85%
pain
85%
symptoms
85%
too
85%
Way
85%
it?
82%
it
82%
like
82%
Like
82%
news
82%
powder
82%
should
82%
died
79%
done
79%
gonna
79%
haven't
79%
how
79%
is
79%
me
79%
since
79%
talkin'
79%
wife
79%
ya
79%
break
76%
'cause
76%
dance
76%
Learned
76%
lose
76%
one
76%
One
76%
people
76%
that
76%
that?
76%
us
76%
comma
73%
Take
73%
who
73%
lips
70%
medicate
70%
there
70%
in
67%
not
67%
please
67%
really
67%
self
67%
ever
64%
Hurts
64%
kinda
64%
might
64%
out
64%
oxford
64%
taken
64%
Belladonna
61%
crowd
61%
Put
61%
reliever
61%
skin
61%
There's
61%
burns
58%
hide
58%
see
58%
whole
58%
Bite
55%
Deadly
55%
fever
55%
gin
55%
need
55%
ignite
52%
It's
52%
kiss
52%
sorry
52%
could
48%
fire
48%
I've
48%
movies
48%
movie's
48%
nothin'
48%
Scarn
48%
tell
48%
Tell
48%
best
45%
Did
45%
glass
45%
lasts
45%
life
45%
Michael
45%
seen
45%
amazing
42%
his
42%
myself
42%
askin'
39%
festivals
39%
got
39%
set
39%
Yeah
39%
enter
36%
Pretty
36%
Shoulda
36%
was
36%
about
33%
back
33%
carnivals
33%
crass?
33%
motto
33%
right?
33%
wired?
33%
cool
30%
part?
30%
relieved
30%
confidence
27%
good
27%
think
27%
which
27%
Thoughts?
24%
reaction
21%
Um
15%

Score Distribution

Percentile by Number Answered

Percent of People with Each Score

Your Score History

You have not taken this quiz